1829 1689 1939 1800 1435 1021 1759 1655 1562 1810 1041 1833 1291 1917 1394 1566 1153 1882 1809 1555 1292 1820 1147 1966 1898 1686 1713 1185 1296 1407 1404 1914 1228 1649 1477 1281 1779 1821 1576 1635 1560 1413 1839 1277 1701 1825 1659 1661 1533 1924 1513 1780 1306 1217 1385 1356 1172 1219 1367 1144 1181 1172 1707 1727 1143 1251 1856 1947 1631 1045 1016 1962 1170 1199 1677 1607 1313 1698 1612 1261 1075 1411 1543 1093 1522 1190 1541 1727 1333 1249 1270 1869 1635 1604 1991 1002 1376 1998 1771 BCNSPRNW ULIB Ver.6.0+V

เปลี่ยนเป็นภาษาไทย

Change to English
 แสดงรายละเอียดบรรณานุกรม
  กลับหน้าหลัก

Brief Record : Get Marc (ISO 2709) : E-mail record : QR code < ปิดหน้าต่าง
LEADER : 00000nam 2200000uu 4500
001    13399122155
003     ULIB
008    130107s2555||||th 000 0 tha d
020    ^a9786167287591
060  4 ^aWT100^bพ262ด
100 0  ^aพรรณธร เจริญกุล
245 10 ^aการดูแลตนเองของผู้สูงอายุ =^bCare of elderly /^cพรรณธร เจริญกุล ; บรรณาธิการ พรรณธร เจริญกุล, ดารุณี ภูษณสุวรรณศรี, อรพิณ ฐาปนกุลศักดิ์
246 30 ^aCare of elderly
250    ^aพิมพ์ครั้งที่ 2
260    ^aกรุงเทพฯ :^bศูนย์ฝึกอบรมปฐมพยาบาลและสุขภาพอนามัยสภากาชาดไทย,^c2555
300    ^a139 หน้า :^bภาพประกอบ
505 0  ^a^tบทบาทของสภากาชาดไทยกับการพัฒนาและส่งเสริมคุณภาพชีวิตผู้สูงอายุ - -^tสุขภาพกายในผู้สูงอายุ - -^tสุขภาพใจในผู้สูงอายุ - -^tการอยู่ร่วมกันและความเข้าใจซึ่งกันและกัน - -^tการออกกำลังกายและการใช้อุปกรณ์ส่งเสริมการเคลื่อนไหว - -^tทำอย่างไรให้มีสุขภาพดีและมีอายุยืน - -^tอาหารและโภชนาการ - -^tการดูแลตนเองเมื่อเจ็บป่วย - -^tการใช้ยา - -^tการดูแลตนเองเมื่อเกิดอุบัติเหตุ
650  7 ^aผู้สูงอายุ^xสุขภาพและอนามัย
650  7 ^aผู้สูงอายุ^xการดูแล
650  7 ^aการดูแลสุขภาพด้วยตนเอง
700 0  ^aดารุณี ภูษณสุวรรณศรี,^eบรรณาธิการ
700 0  ^aอรพิณ ฐาปนกุลศักดิ์,^eบรรณาธิการ
710 1  ^aวิทยาลัยพยาบาลสภากาชาดไทย
945    ^p199^l0^i19604
945    ^p199^l0^i19605
995    ^aกัณชพร
999    ^aใช้งานได้ทุกระบบ
รายการนี้ยังไม่มีแท็ก
คุณยังไม่ได้ล็อกอิน คุณสามารถมีกิจกรรมร่วมกับเว็บไซต์ได้ แต่ต้องล็อกอินก่อน ::
  ล็อกอิน

รายการสื่อสารสนเทศ

ลำดับที่ ประเภท เลขเรียก/บาร์โค้ด สถานที่ สถานะ
1. วิทยาศาสตร์การแพทย์ และสุขภาพ
วิทยาศาสตร์การแพทย์ และสุขภาพ
WT100 พ262ด  
  Barcode: 19604
ห้องสมุดวิทยาเขตนครสวรรค์
►ส่วนจัดเก็บหนังสือเก่า นว.
บนชั้น
  ขอยืม
2. วิทยาศาสตร์การแพทย์ และสุขภาพ
วิทยาศาสตร์การแพทย์ และสุขภาพ
WT100 พ262ด ฉ.2 
  Barcode: 19605
ห้องสมุดวิทยาเขตนครสวรรค์
►ส่วนจัดเก็บหนังสือเก่า นว.
บนชั้น
  ขอยืม

รายการใกล้เคียง
    ผู้แต่ง [พรรณธร เจริญกุล]

    หัวเรื่อง [ผู้สูงอายุ การดูแล]
    หัวเรื่อง [การดูแลสุขภาพด้วยตนเอง]

BibComment


ยังไม่เคยถูกคอมเมนท์

คอมเมนท์ทรัพยากรรายการนี้
  คอมเมนท์: การดูแลตนเองของผ..


 Copyright 2026. Bcnsprnw @Library